| 000 | 004040000a22001690004500 | ||
|---|---|---|---|
| 003 | MACL | ||
| 005 | 20151230113415.0 | ||
| 008 | 151230b xxu||||| |||| 00| 0 eng d | ||
| 040 |
_aMACL _cMACL |
||
| 041 | _aEnglish | ||
| 082 | _a299/MUR | ||
| 100 |
_aMurray, M A _924553 |
||
| 245 | _aAncient Egyptian Legends | ||
| 260 |
_bJohn Murray _c1913 |
||
| 650 |
_aReligion _924555 |
||
| 942 |
_cBK _k299/MUR _2ddc |
||
| 999 |
_c39313 _d39313 |
||